000 00597nam a2200229Ia 4500
003 OSt
005 20221007064900.0
006 a|||||r|||| 00| 0
007 ta
008 221006b |||||||| |||| 00| 0 eng d
024 _a45,908
037 _cTextual
040 _aFLL
_cFLL
_beng
041 _2eng
_aeng
082 _aY15:45, Q9
100 _aBHATT Bipin Au.
_9591731
245 0 _aCrime against women
260 _aDelhi
_bPeridot Literary Books India
_c2019
300 _a278p.
_ccm.
942 _hY15:45, Q9
_cTEXL
_2CC
999 _c1135625
_d1135625